Macro economic policy, sector strategy and enterprise reforms: the case of diammonium phosphate (DAP) (Record no. 503609)

000 -LEADER
fixed length control field 00444cam a22001097a 4500
008 - FIXED-LENGTH DATA ELEMENTS--GENERAL INFORMATION
fixed length control field 180718b1955 xxu||||| |||| 00| 0 eng d
082 ## - DEWEY DECIMAL CLASSIFICATION NUMBER
Classification number T108x54 R277
100 ## - MAIN ENTRY--PERSONAL NAME
Personal name Rajana, Cecil and Mehta, Aasha Kapur
245 ## - TITLE STATEMENT
Title Macro economic policy, sector strategy and enterprise reforms: the case of diammonium phosphate (DAP)
Statement of responsibility, etc. by Cecil Rajana and Aasha Kapur Mehta
260 ## - PUBLICATION, DISTRIBUTION, ETC.
Place of publication, distribution, etc. New Delhi
Name of publisher, distributor, etc. Indian Institute of Public Administration
Date of publication, distribution, etc. 1955
300 ## - PHYSICAL DESCRIPTION
Extent 74p.
Holdings
Withdrawn status Lost status Damaged status Not for loan Permanent Location Current Location Date acquired Full call number Barcode Date last seen Price effective from Koha item type
        Indian Institute of Public Administration Indian Institute of Public Administration 2018-08-04 T108x54 R277 GG32124 2018-08-04 2018-08-04 GG

Powered by Koha